Statistics for Six of Crows

Click here to take the quiz!

General Stats

  • This quiz has been taken 168 times
  • The average score is 8 of 9

Answer Stats

HintAnswer% Correct
AssasinInej Ghafa
100%
Zemini SharpshooterJesper Fahey
100%
Gang LeaderKaz Brekker
100%
HeartrendererNina Zenik
100%
Smart kidWylan Van Eck
100%
FjerdanMatthias Helvar
99%
Wylan's ship nameWesper
75%
Kaz's ship nameKanej
74%
Matthias's ship nameHelnik
62%

Score Distribution

Percentile by Number Answered

Percent of People with Each Score

Your Score History

You have not taken this quiz